Applying Sun Tzu's Art of War in managing your money
| Main Author: | |
|---|---|
| Format: | Book |
| Published: |
Subang Jaya :
Pelanduk Publications ,
2002
|
| Subjects: |
MARC
| LEADER | 00000cam a2200000 7i4500 | ||
|---|---|---|---|
| 001 | 0000004200 | ||
| 005 | 20190523.0 | ||
| 020 | 0 | 0 | |a 967978830830X |
| 090 | 0 | 0 | |a 332.024 |b KHO |
| 100 | 1 | 0 | |a Khoo, Kheng-Hor |
| 245 | 1 | 0 | |a Applying Sun Tzu's Art of War in managing your money |c Khoo Kheng Hor |
| 260 | 0 | 0 | |a Subang Jaya : |b Pelanduk Publications , |c 2002 |
| 300 | |a 169 p : |b .ill. ; |c 15cm. | ||
| 650 | 0 | 0 | |a Finance, Personal. |
| 650 | 0 | 0 | |a Military art and science |
| 999 | |a 008091 |b Monograph |c Open Shelf |e Default branch | ||